[Event "Washington Class Championships"]
[Site "Lynnwood, WA"]
[Date "2014.11.28"]
[Round "2"]
[White "Anthony Ralph  (WA)"]
[Black "Tu Robin  (WA)"]
[Result "0-1"]
[WhiteElo "1579"]
[BlackElo "1717"]
[Annotator ""]
[Source ""]
[Remark "Class B"]

1.e4 d6 2.d4 Nf6 3.Nc3 g6 4.g3 Bg7 5.Bg2 O-O 6.Nge2 Nbd7 7.O-O
c5 8.f4 cxd4 9.Nxd4 Nc5 10.Kh1 Bg4 11.Nde2 Qd7 12.Be3 Rac8 13.Qd2
Bh3 14.Ng1 Bxg2+ 15.Qxg2 Qc6 16.Nd5 Rfe8 17.Nxf6+ Bxf6 18.Bxc5
Qxc5 19.c3 b5 20.a3 a5 21.Rac1 Qb6 22.Rf2 b4 23.axb4 axb4 24.c4
b3 25.Rd2 Qb4 26.Qe2 Rc7 27.Nf3 Rec8 28.e5 dxe5 29.fxe5 Bg7 30.Rd4
f6 31.c5 Qb7 32.exf6 Bxf6 33.Qe6+ Kg7 34.Rd3 Rxc5 35.Rxc5 Rxc5
36.Rxb3 Rb5 37.Rxb5 Qxb5 38.b3 Qf1+ 39.Ng1 Qf5 40.Qc4 e6 41.b4
Qd5+ 42.Qxd5 exd5 43.Ne2 g5 44.Nc1 Kf7 45.g4 Ke6 46.Nd3 d4 47.Kg2
Kd5 48.Nb2 Ke4 49.Kf2 d3 50.Nd1 Bd4+ 51.Ke1 Kf3 52.h3 Kg3 53.b5
Kxh3 54.Nf2+ Kg3 55.Nxd3 Kxg4 56.Nf2+ Kf3 57.Nd3 g4 58.b6 Bxb6
59.Ne5+ Kg3 60.Nxg4 Kxg4 61.Kf1 Kg3 0-1

[Event "Washington Class Championships"]
[Site "Lynnwood, WA"]
[Date "2014.11.28"]
[Round "3"]
[White "Rajesh Anirudh  (WA)"]
[Black "Deng Samuel  (WA)"]
[Result "0-1"]
[WhiteElo "982"]
[BlackElo "824"]
[Annotator ""]
[Source ""]
[Remark "Class E"]

1.e4 c6 2.d4 d5 3.e5 e6 4.Nf3 c5 5.c3 Nc6 6.Be3 Nge7 7.dxc5 Nf5
8.Bb5 Nxe3 9.fxe3 Bxc5 10.Qd3 Qb6 11.Nd4 a6 12.Ba4 Bxd4 13.exd4
Qxb2 14.O-O Qb6 15.Nd2 Bd7 16.Qf3 O-O 17.Qd3 Nxe5 18.Qe2 Bxa4
19.Qxe5 Bc2 20.Kh1 Rac8 21.Rf3 Qb2 22.Raf1 Rxc3 23.Rxf7 Rxf7
24.Qxe6 Bf5 25.Rxf5 Qb1+ 26.Rf1 Qxf1+ 27.Nxf1 Rc1 28.Kg1 Rcxf1# 0-1

[Event "Washington Class Championships"]
[Site "Lynnwood, WA"]
[Date "2014.11.29"]
[Round "3"]
[White "Thakur Eamon  (WA)"]
[Black "Jiang Andrew  (WA)"]
[Result "1-0"]
[WhiteElo "1145"]
[BlackElo "418"]
[Annotator ""]
[Source ""]
[Remark "Class E"]

1.d4 d5 2.Nf3 c5 3.c3 Nc6 4.e3 Bg4 5.Nbd2 e6 6.Bd3 Nf6 7.O-O
Bd6 8.Qc2 Qb6 9.Re1 O-O 10.dxc5 Bxc5 11.Nb3 Bxf3 12.Nxc5 Bg4
13.Nb3 e5 14.f3 Bh5 15.Kh1 Rad8 16.Bd2 d4 17.cxd4 exd4 18.exd4
Nxd4 19.Nxd4 Qxd4 20.Re3 Rfe8 21.Rxe8+ Rxe8 22.Rd1 Rd8 23.Bc3
Qf4 24.Bxh7+ Nxh7 25.Rxd8+ Nf8 26.Rd1 Ne6 27.Qe4 Qg5 28.Bd2 Qf6
29.Qxb7 Nd4 30.Rf1 Ne2 31.Qe4 Nd4 32.Bc3 Bg6 33.Bxd4 Bxe4 34.Bxf6
Bd3 35.Rd1 Be2 36.Rd2 Bc4 37.b3 Be6 38.Bd4 a6 39.b4 Kh7 40.g4
Bd5 41.Kg2 Kg6 42.h4 f6 43.Bxf6 Bxf3+ 44.Kxf3 gxf6 45.Rd6 Kg7
46.Rxa6 Kf7 47.b5 Ke7 48.b6 Kd7 49.h5 Kc6 50.h6 Kb7 51.Ra4 Kxb6
52.h7 1-0

[Event "Washington Class Championships"]
[Site "Lynnwood, WA"]
[Date "2014.11.29"]
[Round "3"]
[White "Pogrebinsky Ethan  (WA)"]
[Black "Jiang Brandon  (WA)"]
[Result "0-1"]
[WhiteElo "886"]
[BlackElo "837"]
[Annotator ""]
[Source ""]
[Remark "Class E"]

1.e4 e5 2.Nf3 Nc6 3.d4 exd4 4.Nxd4 Nxd4 5.Qxd4 Nf6 6.Nc3 d6 7.Bg5
Be7 8.Bc4 O-O 9.O-O Bd7 10.Nd5 Nxd5 11.Bxe7 Nxe7 12.Rfe1 Nc6
13.Qd5 Be6 14.Qb5 Bxc4 15.Qxc4 Ne5 16.Qd5 c6 17.Qd2 Qd7 18.f4
Ng6 19.e5 Rad8 20.Qd3 dxe5 21.f5 Nf4 22.Qf3 Qxf5 23.g3 Nh3+ 24.Kg2
Qxf3+ 25.Kxf3 Ng5+ 26.Kg2 f6 27.Re3 Rd2+ 28.Kf1 Rxh2 29.Rc1 Rd8
30.Rb3 Rdd2 31.Rxb7 Nf3 32.Rb3 Rhf2# 0-1

[Event "Washington Class Championships"]
[Site "Lynnwood, WA"]
[Date "2014.11.29"]
[Round "3"]
[White "Wu Ethan  (WA)"]
[Black "Wynn Scott  (WA)"]
[Result "1-0"]
[WhiteElo "733"]
[BlackElo "943"]
[Annotator ""]
[Source ""]
[Remark "Class E"]

1.c4 e5 2.g3 Nf6 3.Bg2 Nc6 4.Nc3 Bc5 5.e3 d6 6.Nge2 Be6 7.d4
exd4 8.exd4 Bxc4 9.dxc5 dxc5 10.O-O O-O 11.Be3 Bxe2 12.Qxd8 Raxd8
13.Nxe2 Rfe8 14.Nf4 Nd4 15.Bxb7 Rb8 16.Bg2 Rxb2 17.Bxd4 cxd4
18.Rfd1 Rd8 19.Rac1 Rxa2 20.Rxc7 a5 21.Rxd4 Re8 22.Rc1 Ng4 23.Nd3
g6 24.Rxg4 Rd8 25.Ne5 Re2 26.Re4 Rxe4 27.Bxe4 Re8 28.Rc5 f6 29.Bd5+
Kg7 30.Nf3 a4 31.Bc6 Rc8 32.Nd4 a3 33.Bd5 Rxc5 34.Ne6+ Kh6 35.Nxc5
f5 36.Nb3 a2 37.Na1 Kg5 38.h4+ Kg4 39.Kg2 f4 40.Be6+ Kh5 41.gxf4
Kxh4 42.Kf3 Kh5 43.Bxa2 Kh6 44.Nc2 Kg7 45.Kg4 Kf6 46.Ne3 h5+
47.Kh4 Ke7 48.Kg5 Kd6 49.Kxg6 h4 50.f5 Ke7 51.Kg7 h3 52.Nf1 h2
53.Nxh2 Kd6 54.f6 Ke5 55.f7 Ke4 56.f8Q Ke5 57.Qf6+ Ke4 58.Nf3
Kd3 59.Qd4+ Kc2 60.Qd2# 1-0

[Event "Washington Class Championships"]
[Site "Lynnwood, WA"]
[Date "2014.11.29"]
[Round "3"]
[White "Manivannan Arvind  (WA)"]
[Black "Kam Ethan  (WA)"]
[Result "0-1"]
[WhiteElo "598"]
[BlackElo "1251"]
[Annotator ""]
[Source ""]
[Remark "Class D"]

1.d4 d5 2.Nc3 Nf6 3.Bg5 Bf5 4.e3 h6 5.Bh4 e6 6.Nf3 Nc6 7.Bb5
Bb4 8.Bxc6+ bxc6 9.a3 Bxc3+ 10.bxc3 O-O 11.O-O Qd7 12.Bxf6 gxf6
13.Nh4 Bg6 14.Re1 Rae8 15.Qg4 Kh7 16.Nxg6 fxg6 17.f4 f5 18.Qg3
Rg8 19.h4 Qf7 20.c4 Rb8 21.cxd5 cxd5 22.Rab1 Rxb1 23.Rxb1 Qe7
24.a4 Qa3 25.Rb7 Qc1+ 26.Kh2 Qxc2 27.Rxa7 Qc6 28.Qe1 Ra8 29.Rxa8
Qxa8 30.Qa1 Kg7 31.a5 Qa6 32.Qa3 Kf7 33.Kh3 Ke8 34.g4 Qf1+ 35.Kg3
fxg4 36.Kxg4 Qg2# 0-1

[Event "Washington Class Championships"]
[Site "Lynnwood, WA"]
[Date "2014.11.29"]
[Round "3"]
[White "Koons Nat  (WA)"]
[Black "Feng Roland  (WA)"]
[Result "1/2-1/2"]
[WhiteElo "2303"]
[BlackElo "2276"]
[Annotator ""]
[Source ""]
[Remark "Master"]

1.e4 c6 2.d4 d5 3.Nd2 dxe4 4.Nxe4 Bf5 5.Ng3 Bg6 6.h4 h6 7.Nf3
Nd7 8.h5 Bh7 9.Bd3 Bxd3 10.Qxd3 Ngf6 11.Bf4 e6 12.O-O-O Be7 13.Ne4
Nxe4 14.Qxe4 Nf6 15.Qe2 Qd5 16.c4 Qa5 17.a3 Nxh5 18.Bd2 Qf5 19.Ne5
Nf4 20.Qf3 Ng6 21.Qxf5 exf5 22.Rh5 Nxe5 23.dxe5 g6 24.Rxh6 O-O-O
25.Rxh8 Rxh8 26.Be3 b6 27.b4 Rh4 28.Rd4 Rxd4 29.Bxd4 Kc7 30.Kc2
a6 31.f4 b5 32.g3 Kd7 33.Kb3 g5 34.Kc3 gxf4 35.gxf4 Bh4 36.Be3
Be7 37.Bd4 Bh4 38.Be3 Be7 1/2-1/2

[Event "Washington Class Championships"]
[Site "Lynnwood, WA"]
[Date "2014.11.29"]
[Round "3"]
[White "Doknjas Neil  (CAN)"]
[Black "Berry Gregory  (WA)"]
[Result "1/2-1/2"]
[WhiteElo "1534"]
[BlackElo "1556"]
[Annotator ""]
[Source ""]
[Remark "Class C"]

1.e4 e6 2.d4 d5 3.Nc3 Bb4 4.exd5 exd5 5.Bd3 Nf6 6.Nge2 O-O 7.O-O
c5 8.dxc5 Bxc5 9.Bg5 Be7 10.Bxf6 Bxf6 11.Bb5 Bxc3 12.Nxc3 d4
13.Ne2 a6 14.Bd3 Nc6 15.Be4 Bg4 16.f3 Qb6 17.Qd3 Be6 18.Bxc6
Qxc6 19.Nxd4 Qb6 20.Qc3 Rac8 21.Qe3 Rfe8 22.Qf2 Rcd8 23.Nxe6
Qxf2+ 24.Kxf2 Rxe6 25.Rad1 Red6 26.Rxd6 Rxd6 27.Ke2 Re6+ 28.Kd2
Rd6+ 29.Kc3 Rc6+ 30.Kd3 Rd6+ 31.Ke3 Re6+ 32.Kf2 Rd6 33.Re1 Kf8
34.Re2 Rg6 1/2-1/2

[Event "Washington Class Championships"]
[Site "Lynnwood, WA"]
[Date "2014.11.29"]
[Round "3"]
[White "Zhang Zachary  (WA)"]
[Black "Anthony Ralph  (WA)"]
[Result "0-1"]
[WhiteElo "1638"]
[BlackElo "1579"]
[Annotator ""]
[Source ""]
[Remark "Class B"]

1.d4 Nf6 2.Nf3 d6 3.Bf4 Nh5 4.Bg3 f5 5.e3 b6 6.Be2 Nxg3 7.hxg3
e6 8.Nh2 Bb7 9.Bf3 d5 10.Be2 Nd7 11.Nf3 Qf6 12.c3 O-O-O 13.b4
e5 14.Qb3 g5 15.a4 f4 16.gxf4 gxf4 17.exf4 Qxf4 18.Nbd2 e4 19.Ng1
e3 20.Ndf3 exf2+ 21.Kxf2 Re8 22.a5 Qe3+ 23.Kf1 Bd6 24.Rh3 Rhf8
25.Rd1 Nf6 26.Rd3 Qe7 27.axb6 axb6 28.Qd1 Ne4 29.Qe1 Ba6 30.Rd2
Nxd2+ 31.Qxd2 Bxe2+ 32.Nxe2 Qe4 33.Rh1 Rxf3+ 34.gxf3 Qxf3+ 0-1

[Event "Washington Class Championships"]
[Site "Lynnwood, WA"]
[Date "2014.11.29"]
[Round "4"]
[White "Bailey Daniel  (WA)"]
[Black "Anthony Ralph  (WA)"]
[Result "1/2-1/2"]
[WhiteElo "1754"]
[BlackElo "1579"]
[Annotator ""]
[Source ""]
[Remark "Class B"]

1.e4 d6 2.d4 Nf6 3.Nc3 g6 4.f4 Bg7 5.Nf3 c5 6.dxc5 Qa5 7.Bd3
Qxc5 8.Qe2 Bd7 9.Be3 Qb4 10.O-O Qxb2 11.Nb5 Bxb5 12.Bxb5+ Nfd7
13.Bxd7+ Nxd7 14.Rab1 Qc3 15.Rxb7 Rc8 16.Rxa7 Rc7 17.Ra8+ Rc8
18.Rxc8+ Qxc8 19.Rb1 O-O 20.c4 Qa6 21.Qc2 Rc8 22.Rb4 Nc5 23.Nd2
Qa3 24.Bxc5 dxc5 25.Rb3 Bd4+ 26.Kh1 Qa4 27.Nf3 Qa5 28.h3 Qc7
29.g3 Qd7 30.Kg2 Qe6 31.Kh2 f5 32.Nxd4 cxd4 33.exf5 Qxc4 34.Qxc4+
Rxc4 35.fxg6 Rc2+ 36.Kg1 hxg6 37.Rd3 Rxa2 38.Rxd4 Kf7 39.Rd3
Kf6 40.Rf3 Kf5 41.Rf2 Ra3 42.Kg2 e6 43.Re2 Rb3 44.Re5+ Kf6 45.Re2
Ra3 46.h4 Kf5 47.Re5+ Kf6 48.Kh3 Rb3 49.Kg4 Rb1 50.h5 gxh5+ 51.Rxh5
Kg6 52.Re5 Kf6 53.Ra5 Rf1 54.Ra3 Rd1 55.Kf3 Rd4 56.g4 Rb4 57.Re3
Rb5 58.g5+ Kf5 59.g6 Kxg6 60.Rxe6+ Kf5 61.Re3 Ra5 62.Re8 Ra3+
63.Re3 Ra5 64.Rb3 Rc5 1/2-1/2

[Event "Washington Class Championships"]
[Site "Lynnwood, WA"]
[Date "2014.11.29"]
[Round "4"]
[White "Jiang Andrew  (WA)"]
[Black "Zhang Kyle  (WA)"]
[Result "1-0"]
[WhiteElo "418"]
[BlackElo "1082"]
[Annotator ""]
[Source ""]
[Remark "Class E"]

1.e4 e5 2.Nf3 Nc6 3.d4 exd4 4.Nxd4 Bc5 5.Nxc6 bxc6 6.b3 Nf6 7.Bg5
d6 8.Bc4 h6 9.Bh4 O-O 10.c3 Be6 11.Ba6 Rb8 12.b4 Rb6 13.Bd3 Bxb4
14.cxb4 Rxb4 15.Qf3 Kh8 16.Nc3 Rg8 17.g3 g5 18.Bxg5 Rxg5 19.O-O
Bh3 20.Rfb1 Rb8 21.Rxb8 Qxb8 22.Qxf6+ Kh7 23.e5+ Kg8 24.Qxh6
Rg7 25.Qxh3 dxe5 26.f4 exf4 27.Ne4 Qd8 28.Nf6+ Kf8 29.Qh8+ Ke7
30.Qxg7 Qd4+ 31.Kg2 Qb2+ 32.Kf3 Qxa1 33.Ng8+ Ke8 34.Qxa1 Kf8
35.Bh7 fxg3 36.Qe1 gxh2 37.Qe7+ {
 Both scoresheets have this recorded as checkmate.  Obviously, it is not. There
is a mate in 7, once White deals with that pawn on h2.} 1-0

[Event "Washington Class Championships"]
[Site "Lynnwood, WA"]
[Date "2014.11.29"]
[Round "4"]
[White "Bragg David  (WA)"]
[Black "Roback Joe  (CAN)"]
[Result "0-1"]
[WhiteElo "2200"]
[BlackElo "2031"]
[Annotator ""]
[Source ""]
[Remark "Master"]

1.d4 Nf6 2.Nc3 c5 3.Nf3 cxd4 4.Nxd4 d5 5.Bg5 Nc6 6.Bxf6 gxf6
7.e4 dxe4 8.Nxc6 bxc6 9.Qxd8+ Kxd8 10.Bc4 Rg8 11.Nxe4 f5 12.O-O-O+
Kc7 13.Nc5 e6 14.Nd3 Bd6 15.f4 Rxg2 16.Rdg1 Rg6 17.h4 Bb7 18.h5
Rg4 19.Rxg4 fxg4 20.Rg1 Rg8 21.b4 Kd8 22.Kd2 Ke7 23.Ke3 Kf6 24.a4
Kf5 25.a5 Bc8 26.Bb3 Bd7 27.c4 Be8 28.c5 Bc7 29.Bc2 Kf6 30.Bd1
Kf5 31.Bf3 h6 32.Be4+ Kf6 33.Nc1 Ke7 34.Ne2 f5 35.Bc2 Kf6 36.Nd4
Bxf4+ 37.Kxf4 e5+ 38.Ke3 exd4+ 39.Kf4 Bd7 40.Bd3 Re8 41.Rg3 Re3 0-1

[Event "Washington Class Championships"]
[Site "Lynnwood, WA"]
[Date "2014.11.29"]
[Round "4"]
[White "Somisetty Praneeth  (WA)"]
[Black "Deng Samuel  (WA)"]
[Result "1/2-1/2"]
[WhiteElo "1009"]
[BlackElo "824"]
[Annotator ""]
[Source ""]
[Remark "Class E"]

1.e4 c6 2.Nf3 d5 3.e5 Bf5 4.d4 e6 5.Bd3 Bxd3 6.Qxd3 Nd7 7.c3
c5 8.Be3 Qb6 9.b3 cxd4 10.Bxd4 Bc5 11.b4 Bxd4 12.Qxd4 Qxd4 13.cxd4
Rc8 14.Ke2 Nh6 15.Nbd2 Nb6 16.Rhc1 Ke7 17.Nb3 Nc4 18.Rc3 Rc7
19.Rac1 Rhc8 20.b5 Kd8 21.Ng5 Ng8 22.Nxh7 b6 23.Ng5 Nh6 24.a4
Nb2 25.Rxc7 Rxc7 26.Rxc7 Kxc7 27.Kd2 1/2-1/2

[Event "Washington Class Championships"]
[Site "Lynnwood, WA"]
[Date "2014.11.29"]
[Round "4"]
[White "Hosford Michael  (WA)"]
[Black "Le Blanc Paul  (CAN)"]
[Result "1/2-1/2"]
[WhiteElo "1956"]
[BlackElo "1882"]
[Annotator ""]
[Source ""]
[Remark "Class A"]

1.e4 c6 2.d4 d5 3.e5 Bf5 4.Nf3 e6 5.Be2 Nd7 6.O-O h6 7.b3 Ne7
8.Bb2 c5 9.c4 dxc4 10.Bxc4 a6 11.Re1 b5 12.Bf1 Nd5 13.Nbd2 Be7
14.Ne4 O-O 15.dxc5 Nxc5 16.Nxc5 Bxc5 17.Nd4 Qb6 18.Nxf5 Bxf2+
19.Kh1 Bxe1 20.Nxh6+ gxh6 21.Qg4+ Kh8 22.Bd4 Qd8 23.Rxe1 Qg5
24.Qe4 Rg8 25.Bd3 Qxg2+ 26.Qxg2 Rxg2 27.Kxg2 Nf4+ 28.Kf3 Nxd3
29.Rd1 Nb4 30.Be3 Kh7 31.Rd7 Kg6 32.a3 Nd5 33.Bc5 Rc8 34.b4 Nc3
35.Rd3 Nd5 36.Ke4 Rd8 37.Rg3+ Kh7 38.Rf3 Rd7 39.Bf8 Rc7 40.Bc5
Kg6 41.Rg3+ Kh5 42.Rh3+ Kg5 43.Rg3+ Kh4 44.Rf3 Kg5 1/2-1/2

[Event "Washington Class Championships"]
[Site "Lynnwood, WA"]
[Date "2014.11.29"]
[Round "4"]
[White "Daniels Nolan  (WA)"]
[Black "Vaidya Amol  (WA)"]
[Result "1-0"]
[WhiteElo "905"]
[BlackElo "336"]
[Annotator ""]
[Source ""]
[Remark "Class E"]

1.e4 e5 2.Nf3 Nc6 3.Nc3 Nf6 4.Bb5 Bb4 5.O-O d6 6.d4 O-O 7.Bxc6
exd4 8.Nxd4 Bxc3 9.bxc3 bxc6 10.Nxc6 Qd7 11.Nd4 Nxe4 12.Qf3 c5
13.Qxe4 Bb7 14.Qf5 Qe8 15.Nf3 Ba6 16.Re1 Qc6 17.Qg4 Rfe8 18.Rxe8+
Rxe8 19.Bh6 g6 20.Qg5 Re6 21.Qd8+ Qe8 22.Qxe8+ Rxe8 23.Re1 Be2
24.Kh1 f6 25.Ng1 g5 26.Rxe2 Rb8 27.Re6 Kf7 28.Rxd6 f5 29.Bxg5
Kg7 30.Be3 Rb2 31.Bxc5 Rxa2 32.Rd7+ Kf6 33.Rxa7 Rxc2 34.Rxh7
Rxc3 35.Bd4+ Kg5 36.Rg7+ Kh5 37.Bxc3 f4 38.g4+ Kh4 39.Bf6# 1-0

[Event "Washington Class Championships"]
[Site "Lynnwood, WA"]
[Date "2014.11.29"]
[Round "4"]
[White "Shubin Daniel  (WA)"]
[Black "Jain Krish  (WA)"]
[Result "1-0"]
[WhiteElo "1031"]
[BlackElo "900"]
[Annotator ""]
[Source ""]
[Remark "Class E"]

1.e4 d5 2.exd5 Qxd5 3.Nc3 Qa5 4.d4 c6 5.Bc4 Nf6 6.Nf3 Bg4 7.h3
Bh5 8.g4 Bg6 9.Ne5 e6 10.Bf4 Ne4 11.Bd2 Nxd2 12.Qxd2 Bd6 13.f4
f6 14.Nxg6 hxg6 15.Bxe6 Nd7 16.O-O-O O-O-O 17.f5 gxf5 18.Bxf5
Qc7 19.Kb1 Kb8 20.d5 Bf4 21.Qf2 Bg3 22.Qg2 Rc8 23.dxc6 bxc6 24.Rxd7
Qe5 25.Ne4 Bf4 26.Qf2 Qa5 27.Qxf4+ Ka8 28.Rxg7 Rce8 29.Bd7 Re5
30.Bxc6+ Kb8 31.Rb7+ Kc8 32.Nd6+ Kd8 33.Qxf6+ Re7 34.Rd7# 1-0

[Event "Washington Class Championships"]
[Site "Lynnwood, WA"]
[Date "2014.11.29"]
[Round "4"]
[White "Jiang Brandon  (WA)"]
[Black "Elango Eashver  (WA)"]
[Result "0-1"]
[WhiteElo "837"]
[BlackElo "628"]
[Annotator ""]
[Source ""]
[Remark "Class E"]

1.e4 e5 2.Nf3 Nc6 3.Bc4 Nf6 4.Ng5 d5 5.exd5 Na5 6.Bb5+ Bd7 7.Bxd7+
Qxd7 8.Nf3 Bc5 9.Nc3 Qf5 10.O-O O-O-O 11.Re1 e4 12.d4 Bd6 13.Nd2
h5 14.Ndxe4 Nxd5 15.Bd2 Nc6 16.Be3 h4 17.h3 Nf4 18.d5 Ne7 19.Qd4
b6 20.Qxg7 Nxh3+ 21.Kh1 Be5 22.Qxh8 Rxh8 23.Rad1 Bd6 24.Nxd6+
cxd6 25.Nb5 Kd7 26.Nxa7 Nxd5 27.Kh2 Nxe3 28.Rxe3 Nxf2 29.Rf1
Ng4+ 30.Kg1 Qxf1+ 31.Kxf1 Nxe3+ 32.Ke2 Nxc2 33.Nb5 Nb4 34.a3
Kc6 35.Nd4+ Kd5 36.Nf3 Nc2 37.Kd3 h3 38.gxh3 Rxh3 39.Ke2 Nd4+
40.Nxd4 Kxd4 41.Kd2 Re3 42.Kc2 f5 43.Kb1 f4 44.Ka1 f3 45.Kb1
f2 46.Ka1 f1Q+ 47.Ka2 Qc4+ 48.b3 Qxb3+ 49.Ka1 Re1# 0-1

[Event "Washington Class Championships"]
[Site "Lynnwood, WA"]
[Date "2014.11.29"]
[Round "4"]
[White "Dixon Max  (WA)"]
[Black "Richards Jerrold  (WA)"]
[Result "0-1"]
[WhiteElo "1433"]
[BlackElo "1388"]
[Annotator ""]
[Source ""]
[Remark "Class C"]

1.e4 e6 2.d4 d5 3.Nc3 dxe4 4.Nxe4 Nd7 5.Nf3 Ngf6 6.Nc3 c5 7.Bg5
cxd4 8.Nxd4 Be7 9.Qd2 Nc5 10.O-O-O Nfe4 11.Nxe4 Nxe4 12.Bxe7
Qxe7 13.Qe3 Nf6 14.Qg5 O-O 15.Re1 Rd8 16.Nf5 Qf8 17.Ng3 Rd5 18.Qh4
g5 19.Qc4 Qc5 20.Qxc5 Rxc5 21.Ne4 Nxe4 22.Rxe4 Bd7 23.h4 Rac8
24.c3 f5 25.Rb4 g4 26.Rxb7 R8c7 27.Rxc7 Rxc7 28.Be2 Bc6 29.Rg1
h5 30.g3 Kf7 31.Rd1 Bd5 32.Kb1 Kf6 33.Rd4 Rc5 34.Ra4 a5 35.a3
Bb3 36.Kc1 Bxa4 37.Kd2 Rd5+ 38.Kc1 e5 39.b4 axb4 40.axb4 Rd8
41.b5 Rb8 42.c4 Ke7 43.Kb2 Kd6 44.Kc3 Kc5 45.f3 e4 46.f4 Rd8
47.Bf1 e3 48.Bd3 Bd1 0-1

[Event "Washington Class Championships"]
[Site "Lynnwood, WA"]
[Date "2014.11.29"]
[Round "4"]
[White "Chalasani Sujatha  (WA)"]
[Black "Cross Jason  (WA)"]
[Result "0-1"]
[WhiteElo "1437"]
[BlackElo "1495"]
[Annotator ""]
[Source ""]
[Remark "Class C"]

1.d4 Nf6 2.Nf3 g6 3.g3 Bg7 4.c4 c5 5.d5 d6 6.Nc3 O-O 7.Bg2 Na6
8.a3 Rb8 9.O-O Nc7 10.e4 a6 11.a4 Bg4 12.h3 Bxf3 13.Qxf3 Nd7
14.b3 Ne5 15.Qe3 b5 16.axb5 axb5 17.cxb5 Nxb5 18.Nxb5 Rxb5 19.Rb1
Qb6 20.f4 Nc4 21.Qd3 Na3 22.Be3 Nxb1 23.Rxb1 Rb8 24.Qc4 Rb4 25.Qd3
Rxb3 26.Rxb3 Qxb3 27.Qe2 Qxe3+ 28.Qxe3 Bd4 29.Qxd4 cxd4 30.Bf1
Rb2 31.g4 f6 32.h4 Kf8 33.f5 g5 34.h5 h6 35.Bd3 Ke8 36.Bf1 Kd8
37.Bd3 Kc7 38.Bf1 Kb6 39.Bd3 Kc5 40.Bf1 Kb4 41.Bd3 Kc3 42.Bf1
d3 43.Bxd3 Kxd3 44.Kf1 Ke3 45.Kg1 Kf3 46.Kh1 Kg3 47.Kg1 Rb1# 0-1

[Event "Washington Class Championships"]
[Site "Lynnwood, WA"]
[Date "2014.11.29"]
[Round "4"]
[White "Williams Antonio  (CO)"]
[Black "Louie Henry  (CA)"]
[Result "1-0"]
[WhiteElo "1375"]
[BlackElo "1532"]
[Annotator ""]
[Source ""]
[Remark "Class C"]

1.e4 e5 2.Nf3 Nc6 3.Bb5 a6 4.Bxc6 dxc6 5.d4 Bg4 6.c3 Be7 7.O-O
Nf6 8.h3 Be6 9.Re1 exd4 10.Qxd4 O-O 11.Ng5 Qxd4 12.cxd4 Bc4 13.b3
Be6 14.Bf4 Nh5 15.Bd2 Nf6 16.Nf3 Rfe8 17.Nc3 Rad8 18.Rac1 h6
19.Rcd1 b5 20.Bf4 Bb4 21.Re3 Bxc3 22.Rxc3 Nxe4 23.Rxc6 Bd5 24.Rxc7
Nf6 25.Kf1 Re4 26.Be3 Nd7 27.Rdc1 f6 28.Ra7 Re6 29.Rcc7 Re7 30.Nh4
Rf7 31.Nf5 Nb8 32.Ne7+ Kh7 33.Nxd5 Rxc7 34.Nxc7 Nc6 35.Rxa6 Nb4
36.Ra5 Rc8 37.Nxb5 Rc2 38.a3 Nd3 39.d5 Rc8 40.d6 Ne5 41.Bf4 Nd3
42.Be3 Ne5 43.Nd4 Kg6 44.Ke2 Nd7 45.b4 Kf7 46.b5 Rc4 47.Kd3 Rc8
48.Ra7 Ke8 49.Nf5 Ne5+ 50.Kd4 Nd7 51.Nxg7+ Kd8 52.Kd5 Rb8 53.Ne6+
Kc8 54.Rc7# 1-0

[Event "Washington Class Championships"]
[Site "Lynnwood, WA"]
[Date "2014.11.29"]
[Round "4"]
[White "Pupols Viktors  (WA)"]
[Black "Haining Kyle  (WA)"]
[Result "1/2-1/2"]
[WhiteElo "2200"]
[BlackElo "2110"]
[Annotator ""]
[Source ""]
[Remark "Master"]

1.d4 g6 2.c4 Bg7 3.Nc3 Nf6 4.e4 d6 5.Nf3 O-O 6.Bd3 c5 7.d5 e6
8.h3 exd5 9.cxd5 Re8 10.O-O a6 11.a4 Qc7 12.Re1 Nbd7 13.Bf4 Nh5
14.Bh2 Ne5 15.g4 Nxf3+ 16.Qxf3 Nf6 17.Qg3 Rd8 18.a5 b5 19.axb6
Qxb6 20.Re2 Bb7 21.Bc4 Ne8 22.Qd3 a5 23.Bf4 Ba6 24.Bxa6 Qxa6
25.Qxa6 Rxa6 26.Ra2 Rb8 27.Na4 Rb4 28.Bd2 Rb3 29.Bc3 Nc7 30.Bxg7
Kxg7 31.Nc3 Nb5 32.Nxb5 Rxb5 1/2-1/2

[Event "Washington Class Championships"]
[Site "Lynnwood, WA"]
[Date "2014.11.29"]
[Round "4"]
[White "Crenshaw Russell (OR)"]
[Black "Hendricks David  (WA)"]
[Result "1-0"]
[WhiteElo "1608"]
[BlackElo "1630"]
[Annotator ""]
[Source ""]
[Remark "Class B"]

1.Nf3 Nf6 2.g3 d5 3.Bg2 c5 4.d3 Nc6 5.O-O e6 6.Bf4 Bd6 7.Bxd6
Qxd6 8.Nbd2 O-O 9.Qe1 b5 10.a3 a5 11.c4 b4 12.cxd5 exd5 13.e4
dxe4 14.dxe4 Re8 15.e5 Nxe5 16.Nxe5 Rxe5 17.Nc4 Rxe1 18.Nxd6
Rxa1 19.Rxa1 Rb8 20.axb4 axb4 21.Rc1 Nd7 22.Bd5 Ba6 23.Nxf7 Nf6
24.Be6 Re8 25.Ng5+ Kf8 26.Bc4 Bxc4 27.Rxc4 h6 28.Nf3 Re2 29.b3
Rb2 30.Rxc5 Rxb3 31.Nd4 Rd3 32.Ne2 b3 33.Rb5 Ke7 34.Kg2 Kd6 35.Nc1
Rd2 36.Rxb3 Ne4 37.Rd3+ Ke5 38.Rxd2 Nxd2 39.f3 g5 40.Ne2 h5 41.Kf2
Nc4 42.Nc3 Kf5 43.Ke2 Ke5 44.Kd3 Nb2+ 45.Ke3 Nc4+ 46.Kf2 Nd2
47.Nb5 Nc4 48.Ke2 Kf5 49.Nd4+ Ke5 50.Nc2 Kf5 51.Ne3+ Nxe3 52.Kxe3
Ke5 53.f4+ Kf5 54.h3 Kg6 55.Ke4 Kf6 56.f5 Kf7 57.Ke5 Ke7 58.f6+
Kf7 59.Kf5 g4 60.h4 1-0

[Event "Washington Class Championships"]
[Site "Lynnwood, WA"]
[Date "2014.11.29"]
[Round "4"]
[White "Manivannan Arvind  (WA)"]
[Black "Thirunavukkarasu Thiruchelvam  (WA)"]
[Result "1/2-1/2"]
[WhiteElo "594"]
[BlackElo "636"]
[Annotator ""]
[Source ""]
[Remark "Class E"]

1.d4 d5 2.Nc3 Nf6 3.Bf4 e6 4.Nb5 Bd6 5.Bxd6 cxd6 6.Nf3 O-O 7.e3
a6 8.Nc3 Nc6 9.Bd3 Bd7 10.e4 dxe4 11.Nxe4 Nxe4 12.Bxe4 d5 13.Bd3
Re8 14.O-O e5 15.dxe5 Nxe5 16.Nxe5 Rxe5 17.Re1 Rxe1+ 18.Qxe1
Qg5 19.Qe3 Qxe3 20.fxe3 Re8 21.Kf2 Re6 22.Re1 Rf6+ 23.Kg1 Re6
24.Bf5 Re7 25.Bxd7 Rxd7 26.c3 f6 27.e4 dxe4 28.Rxe4 Rd1+ 29.Kf2
Rd2+ 30.Re2 Rxe2+ 31.Kxe2 Kf7 32.c4 Ke6 33.c5 Kd5 34.b4 g5 35.a4
Kc4 36.Ke3 Kxb4 37.Kd4 Kxa4 38.Kc4 Ka5 39.g4 Ka4 40.h3 Ka3 41.Kc3
h6 42.Kc4 a5 43.Kb5 Kb3 44.Kxa5 Kc4 45.Kb6 Kd5 46.Kb5 Ke6 47.Kb6
Kd5 48.Kb5 Ke6 49.Kc4 Kd7 50.Kb5 Ke6 51.Kb6 Kd5 52.Kb5 Ke6 53.Kc4
Kd7 54.Kd5 1/2-1/2

[Event "Washington Class Championships"]
[Site "Lynnwood, WA"]
[Date "2014.11.29"]
[Round "4"]
[White "Sen Samir  (WA)"]
[Black "Sang Tian  (WA)"]
[Result "0-1"]
[WhiteElo "2202"]
[BlackElo "2341"]
[Annotator ""]
[Source ""]
[Remark "Master"]

1.d4 f5 2.Nc3 Nf6 3.Bg5 d5 4.Bxf6 exf6 5.e3 Be6 6.Bd3 Nc6 7.Qf3
Qd7 8.a3 O-O-O 9.Nge2 g5 10.g3 Kb8 11.h4 h6 12.O-O-O Rg8 13.Rdg1
Ne7 14.Kb1 Nc8 15.Nc1 Nd6 16.Qd1 Ne4 17.Nxe4 fxe4 18.Be2 f5 19.hxg5
hxg5 20.Rh5 Bd6 21.Rgh1 f4 22.Rh7 Qc8 23.gxf4 gxf4 24.Bf1 Bg4
25.Qd2 Qf5 26.Be2 fxe3 27.Qxe3 Bxe2 28.Nxe2 Rdf8 29.Nc3 c6 30.Nd1
Rf7 31.Rxf7 Qxf7 32.Ka2 Bf4 33.Qh3 a6 34.Kb1 Ka7 35.Qc3 Bd6 36.Qe3
Rg6 37.Ka2 Rf6 38.Rh3 Qe6 39.Rh1 Qg4 40.Re1 Rf3 41.Qd2 Qg7 42.Ne3
Bf4 43.c3 Qh6 44.Kb3 b5 45.Ka2 Kb6 46.Kb3 a5 47.a4 Qh2 48.Re2
Qg1 49.Qd1 Qg5 50.Qe1 Qf6 51.axb5 Bxe3 52.fxe3 cxb5 53.Qd2 Qc6
54.Kc2 a4 55.Rf2 b4 56.Rxf3 exf3 57.Qh2 Ka6 58.Kd1 Qg6 59.Qb8
Qd3+ 60.Kc1 Qf1+ 61.Kd2 Qe2+ 62.Kc1 Qe1+ 63.Kc2 b3+ 0-1

[Event "Washington Class Championships"]
[Site "Lynnwood, WA"]
[Date "2014.11.29"]
[Round "4"]
[White "Piper August  (WA)"]
[Black "Yu Jinsong  (WA)"]
[Result "1/2-1/2"]
[WhiteElo "1500"]
[BlackElo "1416"]
[Annotator ""]
[Source ""]
[Remark "Class C"]

1.Nf3 f5 2.Nc3 d5 3.d4 e6 4.g3 Nf6 5.Bg2 Bd6 6.a3 O-O 7.Nb5 Ne4
8.Nxd6 cxd6 9.O-O Nd7 10.b3 b5 11.Bb2 Ba6 12.Qd3 Qb6 13.b4 Rac8
14.Ne1 Qb7 15.f3 Nef6 16.Bh3 Rce8 17.Ng2 Nb6 18.Bc1 Nc4 19.Ne3
Qf7 20.g4 g6 21.Nd1 Bc8 22.Bh6 a6 23.a4 Bd7 24.axb5 Bxb5 25.Bxf8
Qxf8 26.c3 Qh6 27.f4 Ne4 28.Nf2 Ncd2 29.Qe3 Nxf1 30.Bxf1 Nxf2
31.g5 Ng4 32.Qg3 Qf8 33.h3 Nf6 34.gxf6 Qxf6 35.e3 Qe7 36.Bg2
Rc8 37.Ra3 Qc7 38.h4 Qg7 39.Bf3 Rc7 40.Qg5 Qf8 41.h5 Kh8 42.h6
Qe7 43.Qg3 Rc8 44.Kf2 Rg8 45.Qg5 Qxg5 46.fxg5 Rc8 47.Ke1 Bc4
48.Kd2 e5 49.Ra5 e4 50.Bd1 Kg8 51.Ba4 Rc7 52.b5 Bxb5 53.Bxb5
axb5 54.Rxb5 Kf7 55.Rxd5 Ke7 56.Ra5 Kd7 57.Ra8 Kc6 58.c4 Kb7
59.Ra4 Rc6 60.Kc3 Ra6 61.Rb4+ Rb6 62.Ra4 Ra6 63.Rb4+ Rb6 64.Rb3
Rxb3+ 65.Kxb3 Kc6 66.Kc3 d5 67.c5 Kb5 68.Kd2 Kc6 69.Ke2 Kd7 70.Kf2
Ke7 71.Kg3 Kd7 72.Kf4 Ke6 73.Kg3 Kd7 74.Kg2 Ke7 75.Kg3 Kd7 76.Kg2
Ke7 77.Kh3 Kd7 78.Kg3 Ke7 79.Kf4 Ke6 1/2-1/2